[Event "chess.com SpeedChess Q2Sw"]
[Site "chess.com INT"]
[Date "2022.11.12"]
[Round "7"]
[White "Gokerkan, Cem Kaan"]
[Black "Tasdogen, Dincer"]
[Result "1/2-1/2"]
[WhiteTitle "IM"]
[BlackTitle "FM"]
[WhiteElo "2470"]
[BlackElo "2303"]
[WhiteFideId "6336760"]
[BlackFideId "6367097"]
[EventDate "2022.11.12"]

1. e4 g6 2. d4 Bg7 3. Nc3 c6 4. f4 d5 5. e5 h5 6. Nf3 Nh6 7. Bd3 Bg4 8. h3 Bxf3
9. Qxf3 e6 10. Be3 Nf5 11. Bf2 h4 12. O-O Nd7 13. b4 Bf8 14. Rab1 b5 15. a4 a6
16. Nd1 bxa4 17. c3 a5 18. b5 c5 19. c4 dxc4 20. Be4 Rb8 21. d5 exd5 22. Bxd5
Nd4 23. Bxd4 cxd4 24. e6 fxe6 25. Bxe6 Qb6 26. Re1 Kd8 27. Bxc4 Bb4 28. Re6 Qc5
29. Rc6 Qe7 30. Nf2 Qe3 31. Qxe3 dxe3 32. Ng4 Re8 33. Kf1 Re4 34. Rd1 Rxf4+ 35.
Ke2 Ke7 36. Nxe3 Nf6 37. Re6+ Kf8 38. Rf1 Rxf1 39. Kxf1 Kg7 40. Ra6 a3 41. b6
Bc5 42. Nc2 Bxb6 43. Nxa3 Rb7 44. Nb5 Bc5 45. Rxa5 Re7 46. Ra2 Nh5 47. Be2 Ng3+
48. Ke1 Bb4+ 49. Kd1 Rd7+ 50. Kc1 Ne4 51. Bf3 Ng3 52. Ra4 Bd2+ 53. Kc2 Be3 54.
Rxh4 Rd2+ 55. Kb3 Nf5 56. Rg4 Kf6 57. Be4 Ne7 58. Bc2 Rf2 59. Re4 Bf4 60. Nd4
Be5 61. Nf3 Nc6 62. Nxe5 Nxe5 63. g4 g5 64. Re3 Rh2 65. Kc3 Rf2 66. Be4 Rf4 67.
Kd4 Nc6+ 68. Kd5 Ne7+ 69. Kd4 Rf2 70. Rf3+ Rxf3 71. Bxf3 Ng6 72. Ke4 Nf4 73. h4
Ne6 74. h5 Kg7 75. Ke5 Nf4 76. Kf5 Kh6 77. Bd1 Nh3 78. Bf3 Nf4 79. Bd1 Nh3 80.
Bf3 Nf4 1/2-1/2

[Event "chess.com SpeedChess Q2Sw"]
[Site "chess.com INT"]
[Date "2022.11.12"]
[Round "7"]
[White "Urazayev, Arystanbek"]
[Black "Gubajdullin, Alexei"]
[Result "1/2-1/2"]
[WhiteTitle "IM"]
[BlackTitle "FM"]
[WhiteElo "2458"]
[BlackElo "2300"]
[WhiteFideId "13709810"]
[BlackFideId "4141202"]
[EventDate "2022.11.12"]

1. e4 c6 2. Nf3 d5 3. exd5 cxd5 4. d4 Nf6 5. c3 g6 6. Bb5+ Bd7 7. Qb3 Bg7 8.
Bxd7+ Qxd7 9. Ne5 Qc8 10. O-O O-O 11. Nd2 Nc6 12. Ndf3 e6 13. Re1 Ne4 14. Nd3
Na5 15. Qd1 b5 16. Ng5 Nxg5 17. Bxg5 Nc4 18. h4 a5 19. a3 b4 20. axb4 axb4 21.
Rxa8 Qxa8 22. Be7 Rb8 23. Bxb4 Bxd4 24. cxd4 Nxb2 25. Nxb2 Rxb4 26. Qd2 Qb7 27.
Nd1 Qb6 28. Ne3 Rxd4 29. Qc2 Rxh4 30. Rb1 Qd8 31. Qc5 d4 32. Qe5 dxe3 33. Rb8
exf2+ 34. Kxf2 Qxb8 35. Qxb8+ Kg7 36. Qe5+ Kg8 37. Qf6 Rh5 38. g4 Rd5 39. Kg3 h5
40. g5 Rf5 41. Qd8+ Kg7 42. Qd4+ Kg8 43. Qd2 Rd5 44. Qe3 Kg7 45. Qc1 Kg8 46. Kf4
Kg7 47. Ke4 Kg8 48. Qc8+ Kg7 49. Qc3+ Kg8 50. Qf6 Rf5 51. Qd8+ Kg7 52. Ke3 Rd5
53. Qe7 Kg8 54. Qf6 Rf5 55. Qd8+ Kg7 56. Ke4 Rd5 57. Qf6+ Kg8 58. Qf1 Rf5 59.
Qc1 Rd5 60. Qf4 Kg7 61. Ke3 Kg8 62. Ke2 Kg7 63. Ke1 Kg8 64. Qf6 Rf5 65. Qd8+ Kg7
66. Ke2 Rd5 67. Qe7 Kg8 68. Ke3 Rf5 69. Ke4 Kg7 70. Kd4 Rd5+ 71. Kc4 Kg8 72. Kb4
Kg7 73. Ka4 Kg8 74. Kb3 Kg7 75. Kc4 Kg8 76. Kc3 Kg7 77. Qe8 Rxg5 78. Qe7 Rf5 79.
Kd4 Kg8 80. Ke4 Kg7 81. Qd8 Rd5 82. Qb6 Kg8 83. Qb2 Rf5 84. Qa1 Rd5 85. Kf4 Rf5+
86. Kg3 Rd5 87. Kh4 Rf5 88. Qa8+ Kg7 89. Qa2 Rd5 90. Qb2+ Kg8 91. Kg3 Rf5 92.
Qa1 Rd5 93. Kf4 Rf5+ 94. Ke4 Rd5 95. Qa8+ Kg7 96. Kf4 Rf5+ 97. Kg3 Rd5 98. Kh4
Rf5 99. Kg3 Rd5 100. Kh4 Rf5 1/2-1/2

[Event "chess.com SpeedChess Q2Sw"]
[Site "chess.com INT"]
[Date "2022.11.12"]
[Round "7"]
[White "Gabrielian, Artur"]
[Black "Postnikov, Daniil"]
[Result "1/2-1/2"]
[WhiteTitle "GM"]
[BlackTitle "FM"]
[WhiteElo "2460"]
[BlackElo "2360"]
[WhiteFideId "4131002"]
[BlackFideId "4166329"]
[EventDate "2022.11.12"]

1. e4 e6 2. d4 d5 3. Nc3 Bb4 4. e5 c5 5. a3 Bxc3+ 6. bxc3 Ne7 7. Qg4 Qc7 8. Qxg7
Rg8 9. Qxh7 cxd4 10. Ne2 dxc3 11. f4 Nbc6 12. Qd3 d4 13. Nxd4 Nxd4 14. Qxd4 Bd7
15. Rg1 Nf5 16. Qc4 Qb6 17. Rh1 Bc6 18. Qb4 Qxb4 19. axb4 O-O-O 20. Ra3 Kb8 21.
Rxc3 Bxg2 22. Rg1 Bxf1 23. Rxg8 Rxg8 24. Kxf1 Rd8 25. Rd3 Rc8 26. c3 Rh8 27. h3
Kc8 28. Kf2 a6 29. c4 Kc7 30. Be3 Kc6 31. Bd2 b6 32. Ra3 Kb7 33. c5 bxc5 34.
bxc5 Kc6 35. Bb4 Kb5 36. Be1 Kxc5 37. Rxa6 Rxh3 38. Ra7 Kd5 39. Kg2 Rb3 40. Bf2
Nh6 41. Ra4 Nf5 42. Ra7 Nh6 43. Bh4 Ke4 44. Bg5 Nf5 45. Rxf7 Rg3+ 46. Kh2 Rb3
47. Rh7 Rb1 48. Rh3 Rb2+ 49. Kg1 Rc2 50. Ra3 Rc1+ 51. Kf2 Rc2+ 52. Ke1 Rh2 53.
Kd1 Rh1+ 54. Kc2 Rh2+ 55. Kb1 Kd5 56. Ra4 Rg2 57. Kc1 Rf2 58. Kd1 Rg2 59. Ke1
Rc2 60. Kf1 Rd2 61. Kg1 Rc2 62. Bd8 Rd2 63. Ba5 Re2 64. Kf1 Re4 65. Ra2 Rxf4+
66. Kg2 Re4 67. Kf3 Rxe5 68. Bc3 Nd4+ 69. Kf2 Kc4 70. Bxd4 Kxd4 71. Ra4+ Kd5 72.
Ra5+ Ke4 73. Ra4+ Kf5 74. Kf3 Rd5 75. Rh4 Rd3+ 76. Ke2 Rg3 77. Rb4 e5 78. Ra4 e4
79. Ra8 Ke5 80. Re8+ Kd5 81. Rd8+ Kc4 82. Rd7 Kc5 83. Rd8 Rh3 84. Rd7 e3 85. Rd8
Kc4 86. Rd7 Kc5 87. Kd3 e2+ 88. Kxe2 Rc3 89. Rd2 Rc4 90. Rd3 Rd4 91. Rxd4 Kxd4 1/2-1/2

[Event "chess.com SpeedChess Q2Sw"]
[Site "chess.com INT"]
[Date "2022.11.12"]
[Round "7"]
[White "Theodorou, Nikolas"]
[Black "Martinez Alcantara, Jose Eduardo"]
[Result "0-1"]
[WhiteTitle "GM"]
[BlackTitle "GM"]
[WhiteElo "2598"]
[BlackElo "2597"]
[WhiteFideId "4262875"]
[BlackFideId "3805662"]
[EventDate "2022.11.12"]

1. e4 e5 2. d4 exd4 3. c3 d3 4. Bxd3 Nc6 5. Nf3 d6 6. O-O Nf6 7. h3 g6 8. c4 Bg7
9. Nc3 O-O 10. Re1 Nd7 11. Bg5 Bf6 12. Bh6 Bg7 13. Qd2 Nde5 14. Nxe5 dxe5 15.
Nd5 Bxh6 16. Qxh6 Nd4 17. c5 c6 18. Ne3 Be6 19. Red1 Qe7 20. b4 b6 21. cxb6 axb6
22. a3 Nb3 23. Ra2 Rfd8 24. Bf1 Rxd1 25. Nxd1 Nd4 26. Ra1 Nb3 27. Ra2 c5 28.
bxc5 Nxc5 29. Rb2 Qd6 30. Nc3 Qd4 31. Qc1 Nxe4 32. Nxe4 Qxe4 33. Rxb6 Rc8 34.
Qb2 Rc2 35. Rb8+ Kg7 36. Qb4 Qxb4 37. Rxb4 Ra2 38. a4 Ra1 39. f4 exf4 40. Rxf4
Bd7 41. Kh2 Bxa4 42. Bc4 Be8 43. Be2 Ra7 44. Bf3 Rc7 45. Rb4 Bd7 46. Rb7 Rxb7
47. Bxb7 Kf6 48. Kg3 Ke5 49. Kf2 g5 50. Bf3 f5 51. Bd1 f4 52. Bc2 h6 53. Bd1 Be6
54. Be2 Bf5 55. Bd1 Bg6 56. Be2 h5 57. Bd1 h4 58. Be2 Be4 59. Bd1 Bd5 60. Be2
Kd4 61. Bd1 Kc3 62. Bh5 Kd2 63. Bg4 Kd3 64. Bh5 Kd4 65. Bg4 Be4 66. Bh5 Bf5 67.
Bf3 Ke5 68. Bd1 Kf6 69. Be2 Be6 70. Bd1 Ke5 71. Bh5 Bf5 72. Bd1 Bg6 73. Be2 Kf6
74. Bd1 Kg7 75. Be2 Kh6 76. Bd1 Bh5 77. Bc2 Kg7 78. Bd3 Kf6 79. Bc2 Ke5 80. Bd3
f3 81. gxf3 Kf4 82. Be2 Bf7 83. Bf1 Bd5 84. Bg2 Bc4 85. Bh1 Bb5 86. Bg2 Bd7 87.
Bf1 Bc8 88. Bg2 Ba6 89. Bh1 Ke5 90. Ke3 Bf1 91. Kf2 Bxh3 92. Ke3 Bf1 93. Kf2 Bh3
94. Ke3 Kf5 95. f4 gxf4+ 96. Kf2 Ke5 97. Bc6 Bf5 98. Bf3 Kf6 99. Bc6 Kg5 100.
Kg2 Bg4 101. Kh2 f3 102. Kg1 Kf4 103. Kh2 Ke3 104. Bb5 Bf5 105. Ba6 Bd3 106. Bb7
f2 107. Bg2 f1=Q 108. Bxf1 Bxf1 0-1

[Event "chess.com SpeedChess Q2Sw"]
[Site "chess.com INT"]
[Date "2022.11.12"]
[Round "7"]
[White "Vidit, Santosh Gujrathi"]
[Black "Indjic, Aleksandar"]
[Result "1-0"]
[WhiteTitle "GM"]
[BlackTitle "GM"]
[WhiteElo "2724"]
[BlackElo "2631"]
[WhiteFideId "5029465"]
[BlackFideId "911925"]
[EventDate "2022.11.12"]

1. Nf3 Nf6 2. c4 c5 3. Nc3 Nc6 4. e3 g6 5. d4 d6 6. d5 Na5 7. Be2 Bg7 8. O-O O-O
9. e4 e5 10. a3 b6 11. b4 Nb7 12. Rb1 Bd7 13. Re1 h6 14. h3 Nh7 15. Bd3 f5 16.
Bc2 Rc8 17. Qe2 Qe8 18. Nb5 Bxb5 19. cxb5 f4 20. Bd3 h5 21. Bd2 g5 22. Nh2 Nf6
23. Rec1 Qg6 24. f3 Bh6 25. a4 Rc7 26. a5 Rg7 27. a6 Nd8 28. bxc5 dxc5 29. Bc4
Kh7 30. Bc3 Nd7 31. d6 Ne6 32. Bxe6 Qxe6 33. Rd1 Rg6 34. Rd5 Rfg8 35. Rbd1 Bf8
36. Qb2 Bg7 37. Kf1 Bf6 38. Qe2 Kg7 39. Ke1 Kf7 40. Kd2 Rc8 41. Qc4 Rcg8 42. Kc2
Rh8 43. Kb3 Re8 44. R5d2 Qxc4+ 45. Kxc4 Ke6 46. Rd5 Reg8 47. R1d2 Rh8 48. Rd1
Rh7 49. R1d2 Rh8 50. Rd1 Rh7 51. R1d2 Rhh6 52. R5d3 Rg8 53. Rd5 Rhg6 54. Kb3 Rh6
55. Rd1 Rh7 56. Rh1 Rg6 57. Nf1 Rgh6 58. Nh2 g4 59. fxg4 Rg7 60. Rhd1 Rh8 61.
R5d2 Rhg8 62. Kc4 hxg4 63. Nxg4 Rg5 64. Rh1 Rh5 65. Rf1 Rg6 66. Rd5 Rh7 67. Rf3
Bg7 68. Rd2 Rg5 69. Rdf2 Rg6 70. Rf1 Bf8 71. Rd1 Bxd6 72. Rfd3 Bc7 73. Rd5 Re7
74. R1d2 Rh7 75. Kb3 Re7 76. Bb2 Rh7 77. Rd1 Re7 78. Bc3 Rxg4 79. hxg4 Nf6 80.
g5 Nxe4 81. Bb2 Nxg5 82. R5d2 Nf7 83. Rh1 Kf5 84. Rh5+ Ng5 85. Rh8 e4 86. Rf8+
Kg4 87. Bf6 Rf7 88. Rxf7 Nxf7 89. Rd7 Nd6 90. Rxc7 Nxb5 91. Rg7+ Kf5 92. Bc3 e3
93. Be1 Ke4 94. Kc4 Nd6+ 95. Kc3 Nb5+ 96. Kb3 Kd3 97. Rd7+ Nd4+ 98. Kb2 b5 99.
Rxa7 b4 100. Rd7 Ke2 101. Bh4 Nb5 102. Rb7 f3 103. gxf3 Nd6 104. Rb8 Nc4+ 105.
Kc2 Na3+ 106. Kb3 Nb1 107. a7 Nd2+ 108. Kc2 Nxf3 109. a8=Q Nd4+ 110. Kb2 Kd3
111. Qa6+ Kd2 112. Bg5 c4 113. Qxc4 1-0

[Event "chess.com SpeedChess Q2Sw"]
[Site "chess.com INT"]
[Date "2022.11.12"]
[Round "8"]
[White "Martinez Alcantara, Jose Eduardo"]
[Black "Bok, Benjamin"]
[Result "1/2-1/2"]
[WhiteTitle "GM"]
[BlackTitle "GM"]
[WhiteElo "2597"]
[BlackElo "2618"]
[WhiteFideId "3805662"]
[BlackFideId "1017063"]
[EventDate "2022.11.12"]

1. e4 c5 2. Nf3 d6 3. c3 Nf6 4. h3 Nc6 5. Bd3 g6 6. Bc2 e5 7. O-O Bg7 8. d4 exd4
9. cxd4 cxd4 10. Nxd4 O-O 11. Nxc6 bxc6 12. Nc3 d5 13. Bg5 h6 14. Be3 Be6 1/2-1/2

[Event "chess.com SpeedChess Q2Sw"]
[Site "chess.com INT"]
[Date "2022.11.12"]
[Round "8"]
[White "Manukyan, Sargis V."]
[Black "Walentukiewicz, Michal"]
[Result "0-1"]
[WhiteTitle "FM"]
[BlackTitle "CM"]
[WhiteElo "2253"]
[BlackElo "2088"]
[WhiteFideId "13303465"]
[BlackFideId "1126903"]
[EventDate "2022.11.12"]

1. Nf3 g6 2. d4 Bg7 3. g3 c5 4. Bg2 cxd4 5. Nxd4 Nc6 6. Nxc6 bxc6 7. O-O Nf6 8.
c4 O-O 9. Nc3 a5 10. Qc2 Qb6 11. Be3 Qb7 12. Rab1 d5 13. Na4 Bf5 14. Qc1 Bxb1
15. Qxb1 Qb4 16. Nb6 Rab8 17. cxd5 Rxb6 18. Bxb6 Qxb6 19. d6 exd6 0-1

[Event "chess.com SpeedChess Q2Sw"]
[Site "chess.com INT"]
[Date "2022.11.12"]
[Round "8"]
[White "Boruchovsky, Avital"]
[Black "Talibov, Shiroghlan"]
[Result "1-0"]
[WhiteTitle "GM"]
[BlackTitle "FM"]
[WhiteElo "2552"]
[BlackElo "2316"]
[WhiteFideId "2800055"]
[BlackFideId "13429078"]
[EventDate "2022.11.12"]

1. e4 e6 2. d4 d5 3. Nd2 dxe4 4. Nxe4 Bd7 5. Nf3 Bc6 6. Bd3 Nd7 7. O-O Ngf6 8.
Ned2 Bd6 9. Nc4 O-O 10. Re1 Re8 11. c3 Bf8 12. Nce5 Bxf3 13. Qxf3 c6 14. Bg5 Be7
15. Rad1 Rf8 16. Qh3 g6 17. Bh6 Re8 18. Nxf7 1-0

[Event "chess.com SpeedChess Q2Sw"]
[Site "chess.com INT"]
[Date "2022.11.12"]
[Round "8"]
[White "Djordjevic, Vuk"]
[Black "Melian, Juan Sebastian"]
[Result "1-0"]
[WhiteTitle "IM"]
[BlackTitle "CM"]
[WhiteElo "2394"]
[BlackElo "2150"]
[WhiteFideId "902098"]
[BlackFideId "3706575"]
[EventDate "2022.11.12"]

1. d4 Nf6 2. Bg5 Ne4 3. Bf4 d5 4. e3 c6 5. Bd3 Nd6 6. Nf3 Bg4 7. O-O Nd7 8. b3
g6 9. c4 Bg7 10. cxd5 cxd5 11. Bxd6 exd6 12. Nc3 Nb6 13. Bb5+ Bd7 14. a4 O-O 15.
a5 Bxb5 16. Nxb5 Nd7 17. b4 Nf6 18. Qb3 a6 19. Nc3 Rc8 20. Nxd5 Ne4 21. Rfc1 Qd7
22. Rxc8 Qxc8 23. Ne7+ 1-0

[Event "chess.com SpeedChess Q2Sw"]
[Site "chess.com INT"]
[Date "2022.11.12"]
[Round "8"]
[White "Andreev, Eduard UKR"]
[Black "Aghasiyev, Kamal"]
[Result "1-0"]
[WhiteTitle "GM"]
[BlackTitle "IM"]
[WhiteElo "2413"]
[BlackElo "2441"]
[WhiteFideId "14103400"]
[BlackFideId "13402854"]
[EventDate "2022.11.12"]

1. e4 e5 2. Nf3 Nc6 3. d4 exd4 4. Nxd4 Bc5 5. Nb3 Bb6 6. Qe2 d6 7. Nc3 Nf6 8.
Be3 Be6 9. O-O-O Qe7 10. f3 O-O-O 11. Bxb6 axb6 12. g4 h6 13. h4 d5 14. e5 Nh7
15. f4 d4 16. Ne4 f6 17. f5 Bxb3 18. exf6 Nxf6 19. Nxf6 Qe8 20. Nxe8 1-0

[Event "chess.com SpeedChess Q2Sw"]
[Site "chess.com INT"]
[Date "2022.11.12"]
[Round "8"]
[White "Chernov, Mikhail"]
[Black "Ladan, Nicholas"]
[Result "0-1"]
[WhiteTitle "FM"]
[WhiteElo "2213"]
[BlackElo "2091"]
[WhiteFideId "24143170"]
[BlackFideId "30918855"]
[EventDate "2022.11.12"]

1. e4 e5 2. Nc3 Nc6 3. Bc4 Nf6 4. d3 Bc5 5. f4 d6 6. Nf3 exf4 7. Bxf4 O-O 8. Qd2
Be6 9. Bb3 Nd4 10. O-O-O a5 11. Bxe6 fxe6 12. Nxd4 Bxd4 13. Be3 Bxe3 14. Qxe3
Ng4 15. Qh3 Nf2 16. Qxe6+ Kh8 17. Rhe1 Nxd1 18. Nxd1 Qg5+ 19. Ne3 a4 20. a3 Qh4
21. Rf1 Rxf1+ 0-1

[Event "chess.com SpeedChess Q2Sw"]
[Site "chess.com INT"]
[Date "2022.11.12"]
[Round "8"]
[White "Xiong, Jeffery"]
[Black "Santos Ruiz, Miguel"]
[Result "1-0"]
[WhiteTitle "GM"]
[BlackTitle "GM"]
[WhiteElo "2692"]
[BlackElo "2587"]
[WhiteFideId "2047640"]
[BlackFideId "22291482"]
[EventDate "2022.11.12"]

1. e4 c5 2. Nf3 d6 3. Nc3 Nf6 4. d4 cxd4 5. Qxd4 Nc6 6. Qd3 g6 7. Nd5 Bg7 8. c3
O-O 9. Bg5 Be6 10. Be2 h6 11. Nxf6+ exf6 12. Be3 f5 13. exf5 Bxf5 14. Qd2 Re8
15. O-O d5 16. Rfe1 h5 17. Rad1 Be4 18. Ng5 Qa5 19. Nxe4 dxe4 20. Qd5 Qxd5 21.
Rxd5 Ne5 22. Red1 f5 23. h3 Kh7 24. a4 Rf8 25. Bf4 Rae8 26. a5 Re7 27. a6 bxa6
28. Bxa6 Bf6 29. Be3 g5 30. Bc5 1-0

[Event "chess.com SpeedChess Q2Sw"]
[Site "chess.com INT"]
[Date "2022.11.12"]
[Round "8"]
[White "Peyrer, Konstantin"]
[Black "Bochnicka, Vladimir ml."]
[Result "1-0"]
[WhiteTitle "FM"]
[BlackTitle "FM"]
[WhiteElo "2393"]
[BlackElo "2350"]
[WhiteFideId "1640879"]
[BlackFideId "14943450"]
[EventDate "2022.11.12"]

1. c4 c5 2. Nf3 Nc6 3. g3 g6 4. Bg2 Bg7 5. d3 e5 6. Nc3 Nge7 7. h4 h5 8. a3 d6
9. Rb1 a5 10. Bg5 Be6 11. Nd5 O-O 12. Nf6+ Kh8 13. Nd2 Rb8 14. Nde4 Qc8 15. Nxd6
Qc7 16. Nde4 b5 17. e3 bxc4 18. Nxh5 gxh5 19. Qxh5+ Kg8 20. Nf6+ Bxf6 21. Bxf6
Ng6 22. Qh6 1-0

[Event "chess.com SpeedChess Q2Sw"]
[Site "chess.com INT"]
[Date "2022.11.12"]
[Round "8"]
[White "Deac, Bogdan-Daniel"]
[Black "Dubov, Daniil"]
[Result "1/2-1/2"]
[WhiteTitle "GM"]
[BlackTitle "GM"]
[WhiteElo "2700"]
[BlackElo "2708"]
[WhiteFideId "1226380"]
[BlackFideId "24126055"]
[EventDate "2022.11.12"]

1. e4 e5 2. Nf3 Nc6 3. Bb5 a6 4. Ba4 Nf6 5. O-O Be7 6. d3 b5 7. Bb3 O-O 8. Nc3
d6 9. a3 Rb8 10. Be3 Re8 11. h3 h6 12. Re1 Bf8 13. Ne2 d5 14. Ng3 Be6 15. c3 Qd7
16. Bc2 Rbd8 17. a4 dxe4 18. dxe4 Qc8 19. Nd2 Qb7 20. axb5 axb5 21. b4 Ne7 1/2-1/2

[Event "chess.com SpeedChess Q2Sw"]
[Site "chess.com INT"]
[Date "2022.11.12"]
[Round "8"]
[White "Baches Garcia, Guillermo"]
[Black "Miszler, Levente"]
[Result "1/2-1/2"]
[WhiteTitle "IM"]
[BlackTitle "CM"]
[WhiteElo "2326"]
[BlackElo "2276"]
[WhiteFideId "2209764"]
[BlackFideId "763276"]
[EventDate "2022.11.12"]

1. e4 e6 2. Nf3 d5 3. exd5 exd5 4. d4 Nf6 5. Bd3 Bd6 6. O-O O-O 7. h3 h6 8. c4
dxc4 9. Bxc4 Nc6 10. Nc3 Bf5 11. Re1 Qd7 12. d5 Na5 13. Bb5 c6 14. dxc6 Nxc6 15.
Nd4 Bh2+ 16. Kxh2 Qxd4 17. Bxc6 Qxd1 18. Rxd1 bxc6 19. Be3 Rab8 20. b3 Rb7 21.
Rac1 Be6 22. Na4 Bd5 23. Bd4 Ne4 24. Nc5 Nxc5 25. Bxc5 Re8 26. Re1 Re6 27. Rxe6
fxe6 1/2-1/2

[Event "chess.com SpeedChess Q2Sw"]
[Site "chess.com INT"]
[Date "2022.11.12"]
[Round "8"]
[White "Zhu, Jiner"]
[Black "Sairam, Pranav"]
[Result "1-0"]
[WhiteTitle "WGM"]
[WhiteElo "2486"]
[BlackElo "2018"]
[WhiteFideId "8608059"]
[BlackFideId "30951330"]
[EventDate "2022.11.12"]

1. e4 e5 2. Nf3 Nf6 3. Nxe5 d6 4. Nf3 Nxe4 5. Nc3 Nxc3 6. dxc3 Be7 7. Be3 O-O 8.
Qd2 Nd7 9. O-O-O c6 10. Bd3 d5 11. h4 Nc5 12. Ng5 Nxd3+ 13. Qxd3 f5 14. f4 Bf6
15. Nf3 Re8 16. Bd4 Re4 17. Bxf6 Qxf6 18. g3 Be6 19. Ng5 Ra4 20. Rhe1 Bf7 21.
Re5 Bh5 22. Rde1 Rxa2 23. Kb1 Ra5 24. Rxf5 Qd6 25. Rf6 Bg6 26. Rxd6 Bxd3 27.
cxd3 h6 28. Nf3 1-0

[Event "chess.com SpeedChess Q2Sw"]
[Site "chess.com INT"]
[Date "2022.11.12"]
[Round "8"]
[White "Swiercz, Dariusz"]
[Black "Shuvalova, Polina"]
[Result "1-0"]
[WhiteTitle "GM"]
[BlackTitle "IM"]
[WhiteElo "2646"]
[BlackElo "2492"]
[WhiteFideId "1126881"]
[BlackFideId "24171760"]
[EventDate "2022.11.12"]

1. e4 c5 2. Nf3 Nc6 3. Nc3 e6 4. Bb5 Nge7 5. O-O a6 6. Bxc6 Nxc6 7. d4 cxd4 8.
Nxd4 Be7 9. Nxc6 dxc6 10. e5 O-O 11. Qg4 Kh8 12. Rd1 Qa5 13. Bg5 Qb4 14. Rd4
Qxb2 15. Rb1 Qxc3 16. Bxe7 Re8 17. Bf6 gxf6 18. exf6 Rg8 19. Qxg8+ 1-0

[Event "chess.com SpeedChess Q2Sw"]
[Site "chess.com INT"]
[Date "2022.11.12"]
[Round "8"]
[White "Stoyanov, Tsvetan"]
[Black "Alahakoon, Isuru"]
[Result "1-0"]
[WhiteTitle "IM"]
[BlackTitle "FM"]
[WhiteElo "2456"]
[BlackElo "1984"]
[WhiteFideId "2917173"]
[BlackFideId "9900993"]
[EventDate "2022.11.12"]

1. e4 d5 2. exd5 Qxd5 3. Nc3 Qa5 4. d4 Nf6 5. Nf3 Bg4 6. h3 Bh5 7. g4 Bg6 8. Bg2
Nc6 9. O-O O-O-O 10. Qe2 e6 11. Bd2 Bb4 12. a3 Bxc3 13. Bxc3 Qb6 14. a4 Nb4 15.
Ne5 Nxc2 16. Nxg6 Nxd4 17. Bxd4 Qxd4 18. Nxh8 Rxh8 19. Rad1 Qb4 20. Qb5 1-0

[Event "chess.com SpeedChess Q2Sw"]
[Site "chess.com INT"]
[Date "2022.11.12"]
[Round "8"]
[White "Nenezic, Marko"]
[Black "Postnikov, Daniil"]
[Result "0-1"]
[WhiteTitle "IM"]
[BlackTitle "FM"]
[WhiteElo "2510"]
[BlackElo "2360"]
[WhiteFideId "912123"]
[BlackFideId "4166329"]
[EventDate "2022.11.12"]

1. d4 Nf6 2. c4 g6 3. Nc3 Bg7 4. e4 d6 5. Be2 O-O 6. Be3 e5 7. d5 a5 8. h4 h5 9.
f3 Na6 10. Qd2 Nc5 11. O-O-O c6 12. dxc6 Qb6 13. Kb1 Qxc6 14. Qxd6 Ne6 15. Nb5
Rd8 16. Qxd8+ Nxd8 17. Rxd8+ Kh7 18. Nh3 Bxh3 19. Rxa8 Bxg2 20. Rh2 Bxf3 21.
Bxf3 Qxc4 22. Nc3 Qd3+ 23. Ka1 Qxe3 0-1

[Event "chess.com SpeedChess Q2Sw"]
[Site "chess.com INT"]
[Date "2022.11.12"]
[Round "8"]
[White "Manukyan, Sargis A."]
[Black "Aarav, Dengla"]
[Result "1-0"]
[WhiteTitle "FM"]
[BlackTitle "FM"]
[WhiteElo "2163"]
[BlackElo "2357"]
[WhiteFideId "13303970"]
[BlackFideId "45059756"]
[EventDate "2022.11.12"]

1. d4 d5 2. e3 e6 3. Nf3 c5 4. Be2 Nc6 5. O-O Nf6 6. dxc5 Bxc5 7. a3 O-O 8. b4
Bd6 9. Bb2 a6 10. Nbd2 e5 11. c4 Be6 12. cxd5 Bxd5 13. Nc4 Bxc4 14. Bxc4 Qe7 15.
Qb3 b5 16. Be2 Rab8 17. Rac1 Rfc8 18. Rfd1 a5 19. Ng5 axb4 20. Nxf7 Na5 21.
Rxc8+ Rxc8 22. Nh6+ Kf8 23. Qd3 bxa3 24. Nf5 e4 25. Qxd6 Qxd6 26. Nxd6 axb2 27.
Nxc8 Nd5 28. Rb1 Nc4 29. Bxc4 bxc4 30. Rxb2 c3 31. Rc2 1-0

[Event "chess.com SpeedChess Q2Sw"]
[Site "chess.com INT"]
[Date "2022.11.12"]
[Round "8"]
[White "Terry, Renato"]
[Black "Rohith, Krishna S"]
[Result "1-0"]
[WhiteTitle "IM"]
[BlackTitle "FM"]
[WhiteElo "2516"]
[BlackElo "2380"]
[WhiteFideId "3803457"]
[BlackFideId "46617051"]
[EventDate "2022.11.12"]

1. e4 e5 2. Nf3 Nc6 3. c3 Nf6 4. d4 exd4 5. e5 Ne4 6. Qe2 Nc5 7. cxd4 Ne6 8. d5
Ncd4 9. Nxd4 Nxd4 10. Qe4 c5 11. Nc3 g6 12. d6 Bg7 13. Bc4 O-O 14. O-O Rb8 15.
Nd5 b5 16. Ne7+ Kh8 17. Bd5 b4 18. Bg5 Qb6 19. Qh4 Ba6 20. Bf6 Bxf1 21. Bxg7+
Kxg7 22. Qf6+ Kh6 23. Rd1 Qd8 24. Rxd4 cxd4 25. Nf5+ Kh5 26. Bf3# 1-0

[Event "chess.com SpeedChess Q2Sw"]
[Site "chess.com INT"]
[Date "2022.11.12"]
[Round "8"]
[White "Harikrishna, Pentala"]
[Black "Donchenko, Alexander"]
[Result "1-0"]
[WhiteTitle "GM"]
[BlackTitle "GM"]
[WhiteElo "2715"]
[BlackElo "2645"]
[WhiteFideId "5007003"]
[BlackFideId "24603295"]
[EventDate "2022.11.12"]

1. Nf3 Nf6 2. g3 b5 3. e3 a6 4. Bg2 Bb7 5. b3 e6 6. Bb2 Be7 7. O-O O-O 8. c4 c5
9. Qe2 Qb6 10. Nc3 d5 11. d4 cxd4 12. Nxd4 dxc4 13. bxc4 Bxg2 14. Kxg2 bxc4 15.
Rab1 Rc8 16. Ba3 Qd8 17. Qf3 Ra7 18. Rxb8 Rxb8 19. Nc6 Qe8 20. Bxe7 Rxe7 21.
Nxb8 Qxb8 22. Rb1 Qc8 23. Rb6 Rc7 24. Qf4 Nd5 25. Nxd5 exd5 26. Rxa6 c3 27. Qxc7 1-0

[Event "chess.com SpeedChess Q2Sw"]
[Site "chess.com INT"]
[Date "2022.11.12"]
[Round "8"]
[White "Rasulov, Vugar"]
[Black "Brodowski, Piotr"]
[Result "1-0"]
[WhiteTitle "GM"]
[BlackTitle "IM"]
[WhiteElo "2525"]
[BlackElo "2455"]
[WhiteFideId "13402390"]
[BlackFideId "1124480"]
[EventDate "2022.11.12"]

1. d4 d6 2. e4 g6 3. Nc3 Bg7 4. Nf3 a6 5. a4 Bg4 6. Be2 Nc6 7. Be3 e5 8. dxe5
Bxf3 9. Bxf3 Nxe5 10. Be2 Ne7 11. f4 N5c6 12. O-O O-O 13. Qd2 f5 14. Bf3 fxe4
15. Nxe4 Nf5 16. Bf2 Nfd4 17. Bg4 h5 18. Bd1 Qe7 19. Re1 Qf7 20. g3 Rae8 21. Ra3
Qd5 22. Ng5 Bf6 23. Rxe8 Rxe8 24. Rd3 Bxg5 25. fxg5 Re4 26. c3 1-0